000 00717nam a2200205 i 4500
001 152109
003 ES-MaACL
005 20250717091900.0
008 000803s1799 fr |||| | fre d
040 _aCAV
_bspa
_cCAV
100 1 _aBichat, Marie François Xavier.
_928773
245 1 0 _aTraité des membranes en general et de diverses membranes en particulier /
_cpar Xav. Bichat...
260 _aA Paris :
_bChez Richard, Caille et Ravier...,
_can VIII [1799]
300 _a[8], 326, [1] en bl. p. ;
_c8º.
597 _aAntep.
597 _aSign.: []4, A-V8, X4.
650 7 _aAnatomía humana
_2embne
_99801
852 _aES-MaACL
_jR-3473
_z-- Enc. hol.
_z-- Donativo de Seoane
999 _c152109
_d152109